L'école et le collège au cinéma - Statistiques

Statistiques générales
  • Ce quiz a été pris 1 018 fois
  • Le résultat moyen est 7 sur 14
Statistiques - réponses
Par images Réponse % Correct
L'élève Ducobu
99%
La Boum
86%
Le Petit Nicolas
83%
La Guerre des Boutons
80%
Matilda
58%
Neuilly sa mère
56%
La Vie Scolaire
41%
Les Beaux Gosses
37%
Le journal d'un dégonflé
27%
Les Quatre Cents Coups
27%
Rock Academy
24%
Dingo et Max
18%
Le plus beau métier du monde
12%
La journée de la jupe
9%
Aucun quiz correspondant
Distribution des résultats
% des personnes avec chaque résultat
Percentile par nombre de réponses
Votre historique - résultats
Vous n’avez pas pris ce quiz